000 00381nam a2200157Ia 4500
008 210716s2010 xx 000 0 und d
020 _a9788184840872
041 _aeng
082 _a658 KUMN
100 _aKumar, N Jinender.
245 _aWorlds greatest management thinkers.
250 _a1
260 _aNew Delhi
_c2010
300 _aviii,189
650 _aManagement(658)
999 _c208775
_d208775